| 000 | 00438cam a2200169 4500 | ||
|---|---|---|---|
| 001 | D13922 | ||
| 008 | 090401t1945 xxu||||| |||| 00| 0 eng d | ||
| 035 | _a(Sirsi) u12326 | ||
| 041 | _aeng | ||
| 100 | _aSmith-Saville, J.R. | ||
| 245 | _aPlanning Acts, 1943-5 and Compensation for Acquisition of land | ||
| 260 |
_aLondon _bEstates Gazette _c1945 |
||
| 350 | _a0 | ||
| 520 | _aShelf 135; 2 copies | ||
| 942 | _n0 | ||
| 948 | _c04/03/1997 | ||
| 999 |
_c86977 _d86977 |
||